|
|
|
|
| LEADER |
00000nam0a2200000 4500 |
| 001 |
123209 |
| 005 |
20231101215808.0 |
| 035 |
|
|
|a (RuTPU)RU\TPU\book\133381
|
| 035 |
|
|
|a RU\TPU\book\52821
|
| 090 |
|
|
|a 123209
|
| 100 |
|
|
|a 20071012d1971 m y0rusy50 ca
|
| 101 |
0 |
|
|a rus
|
| 102 |
|
|
|a RU
|
| 105 |
|
|
|a a j 001zy
|
| 200 |
1 |
|
|a Химическая технология облученного ядерного горючего
|e учебное пособие для втузов
|f Б. В. Громов [и др.]
|
| 210 |
|
|
|a Москва
|c Атомиздат
|d 1971
|
| 215 |
|
|
|a 448 с.
|c ил.
|
| 320 |
|
|
|a Библиогр. в конце гл.
|
| 320 |
|
|
|a Предм. указ.: с. 440-445
|
| 320 |
|
|
|a Библиогр.: с. 351
|
| 451 |
|
1 |
|0 (RuTPU)RU\TPU\book\52821
|t Химическая технология облученного ядерного топлива
|o учебник
|f Б. В. Громов, В. И. Савельева, В. Б. Шевченко
|c Москва
|n Энергоатомиздат
|d 1983
|p 352 с.
|a Громов, Борис Вениаминович
|
| 606 |
1 |
|
|a Ядерное горючее
|x Переработка
|2 stltpush
|3 (RuTPU)RU\TPU\subj\21580
|9 46542
|
| 610 |
1 |
|
|a ядерная энергетика
|
| 610 |
1 |
|
|a реакторы
|
| 610 |
1 |
|
|a оксиды
|
| 610 |
1 |
|
|a радиоактивные отходы
|
| 610 |
1 |
|
|a контроль
|
| 610 |
1 |
|
|a учебные пособия
|
| 610 |
1 |
|
|a захоронение
|
| 675 |
|
|
|a 621.384(075.8)
|v 3
|
| 675 |
|
|
|a 621.039.59(075.8)
|v 3
|
| 701 |
|
1 |
|a Громов
|b Б. В.
|g Борис Вениаминович
|
| 701 |
|
1 |
|a Савельева
|b В. И.
|g Валентина Ивановна
|
| 701 |
|
1 |
|a Раков
|b Э. Г.
|g Эдуард Григорьевич
|
| 701 |
|
1 |
|a Судариков
|b Б. Н.
|g Борис Николаевич
|
| 801 |
|
1 |
|a RU
|b 63413507
|c 20030416
|g PSBO
|
| 801 |
|
2 |
|a RU
|b 63413507
|c 20211210
|g PSBO
|
| 900 |
|
|
|a Химическая технология топлива
|
| 900 |
|
|
|a Химическая технология редких металлов в атомной энерге
|
| 942 |
|
|
|c BK
|
| 952 |
|
|
|a 550800
|b 250000
|